[Event "GER-ch U10"]
[Site "Willingen"]
[Date "2016.05.21"]
[Round "11.17"]
[White "Schlie, Johann"]
[Black "Phan, Trong Dai"]
[Result "0-1"]
[WhiteElo "1322"]
[BlackElo "1376"]
[PlyCount "102"]
[EventDate "2016.05.15"]
[EventType "swiss"]
[EventRounds "11"]
[EventCountry "GER"]
[SourceTitle "CBM 172 Extra"]
[Source "ChessBase"]
[SourceDate "2016.06.21"]
[SourceVersion "1"]
[SourceVersionDate "2016.06.21"]
[SourceQuality "1"]

1. d4 d5 2. e3 Bf5 3. f4 e6 4. Nf3 Nf6 5. Be2 Bd6 6. 0-0 0-0 7. Ne5 Nbd7 8. g4 Be4 9. g5 Bxe5 10. dxe5 Ne8 11. Bf3 Bf5 12. Nc3 Nc5 13. b4 Nd7 14. e4 Bh3 15. Rf2 c6 16. Bg4 Bxg4 17. Qxg4 Rc8 18. Qh5 Qe7 19. Ba3 b5 20. Rf3 a5 21. Rh3 h6 22. Bb2 axb4 23. Nd1 Qc5+ 24. Kh1 Qxc2 25. gxh6 Qxe4+ 26. Rf3 Qg6 27. Qxg6 fxg6 28. Rg3 gxh6 29. Rxg6+ Ng7 30. Rxh6 Rxf4 31. a3 b3 32. Nc3 Rf2 33. Rg1 Re8 34. Rhg6 Re7 35. R6g2 Ref7 36. Nd1 R2f5 37. Rg5 Rxg5 38. Rxg5 Rf5 39. Rxf5 Nxf5 40. Kg2 Kh7 41. Kf3 Kg6 42. Kf4 Nc5 43. Nf2 Na4 44. Nd3 c5 45. h3 c4 46. Nb4 c3 47. Bxc3 Nxc3 48. Nd3 Na4 49. Kf3 b2 50. Nxb2 Nxb2 51. Ke2 d4 0-1

[Event "GER-ch U10"]
[Site "Willingen"]
[Date "2016.05.16"]
[Round "3.8"]
[White "Hagner, Bennet"]
[Black "Phan, Trong Dai"]
[Result "0-1"]
[WhiteElo "1370"]
[BlackElo "1376"]
[PlyCount "96"]
[EventDate "2016.05.15"]
[EventType "swiss"]
[EventRounds "11"]
[EventCountry "GER"]
[SourceTitle "CBM 172 Extra"]
[Source "ChessBase"]
[SourceDate "2016.06.21"]
[SourceVersion "1"]
[SourceVersionDate "2016.06.21"]
[SourceQuality "1"]

1. d4 d5 2. c4 e6 3. Nc3 Nf6 4. Bg5 Nbd7 5. Nf3 Be7 6. e3 0-0 7. cxd5 exd5 8. Bd3 Re8 9. 0-0 Nf8 10. Qb3 c6 11. Ne5 Ne6 12. f4 Rf8 13. Qc2 h6 14. Bh4 Nd7 15. Bxe7 Qxe7 16. Rf3 Nxe5 17. dxe5 d4 18. Ne4 dxe3 19. Rg3 Nxf4 20. Rxe3 Qxe5 21. Rg3 Nh5 22. Re3 f5 23. Rf1 fxe4 24. Rxf8+ Kxf8 25. Rxe4 Qa5 26. b4 Qb6+ 27. Kh1 Nf6 28. Rf4 Qe3 29. Rf3 Qe1+ 30. Rf1 Qxb4 31. Bc4 Qc5 32. Rf4 b5 33. Qg6 bxc4 34. Rxf6+ gxf6 35. Qxf6+ Ke8 36. Qg6+ Kd8 37. Qf6+ Kc7 38. Qxh6 Qd6 39. Qh5 Rb8 40. Qh7+ Bd7 41. h3 Rf8 42. Qb1 Qf6 43. Qb4 Qa1+ 44. Kh2 Qe5+ 45. Kg1 Rg8 46. Qxc4 Qe1+ 47. Kh2 Qg3+ 48. Kg1 Qxg2# 0-1

[Event "GER-ch U10"]
[Site "Willingen"]
[Date "2016.05.16"]
[Round "4.4"]
[White "Phan, Trong Dai"]
[Black "Schubert, Nikita"]
[Result "1-0"]
[WhiteElo "1376"]
[BlackElo "1548"]
[PlyCount "163"]
[EventDate "2016.05.15"]
[EventType "swiss"]
[EventRounds "11"]
[EventCountry "GER"]
[SourceTitle "CBM 172 Extra"]
[Source "ChessBase"]
[SourceDate "2016.06.21"]
[SourceVersion "1"]
[SourceVersionDate "2016.06.21"]
[SourceQuality "1"]

1. d4 Nf6 2. c4 e6 3. Nf3 b6 4. a3 Bb7 5. e3 Be7 6. Bd3 0-0 7. Nc3 d6 8. b4 Nbd7 9. Bb2 c5 10. 0-0 Rc8 11. Nd2 d5 12. Qb3 Qc7 13. Nb5 Qb8 14. Rac1 a6 15. Nc3 Rfd8 16. Rfd1 cxd4 17. exd4 dxc4 18. Bxc4 b5 19. Bd3 Bd5 20. Nxd5 Nxd5 21. Be4 N7b6 22. Nf3 Bf6 23. Rc5 Be7 24. Rc2 Rxc2 25. Qxc2 f5 26. Bxd5 Nxd5 27. Re1 Rc8 28. Qd2 Qd6 29. Ne5 Bf6 30. Nd3 Nb6 31. Nc5 Nc4 32. Qc2 Re8 33. Rd1 Kf7 34. Qe2 g6 35. Qc2 Kg7 36. g3 Nxb2 37. Qxb2 e5 38. d5 e4 39. Qd2 h6 40. Ne6+ Kh7 41. Rc1 Bg5 42. Nxg5+ hxg5 43. Qxg5 Rg8 44. Qd2 Rd8 45. Rd1 Kg7 46. Qd4+ Kf7 47. Kf1 Qf6 48. Qa7+ Ke8 49. Qc5 Qd6 50. Ke2 Ke7 51. Ke3 Kf6 52. Qxd6+ Rxd6 53. Kd4 Ke7 54. Ke5 Kd7 55. Rc1 g5 56. Rc5 Rh6 57. d6 Rxd6 58. Kxf5 Rd2 59. Kxe4 Rxf2 60. Rxg5 Rxh2 61. Rg6 Rg2 62. Kf4 Rf2+ 63. Kg4 a5 64. bxa5 Ra2 65. Rb6 Rxa3 66. Rxb5 Ke7 67. Kh4 Kf7 68. g4 Kg7 69. Kg5 Ra4 70. Kf5 Kf7 71. g5 Ra1 72. g6+ Kg7 73. Rb7+ Kg8 74. Kf6 Rf1+ 75. Ke6 Re1+ 76. Kd6 Rd1+ 77. Kc6 Ra1 78. Kb6 Rb1+ 79. Ka7 Ra1 80. a6 Ra4 81. Rb6 Re4 82. Ka8 1-0

[Event "GER-ch U10"]
[Site "Willingen"]
[Date "2016.05.15"]
[Round "2.15"]
[White "Phan, Trong Dai"]
[Black "Richter, Gerrit"]
[Result "1-0"]
[WhiteElo "1376"]
[BlackElo "1244"]
[PlyCount "49"]
[EventDate "2016.05.15"]
[EventType "swiss"]
[EventRounds "11"]
[EventCountry "GER"]
[SourceTitle "CBM 172 Extra"]
[Source "ChessBase"]
[SourceDate "2016.06.21"]
[SourceVersion "1"]
[SourceVersionDate "2016.06.21"]
[SourceQuality "1"]

1. d4 Nf6 2. c4 g6 3. Nc3 Bg7 4. e4 d6 5. Be3 0-0 6. Nf3 Nc6 7. Be2 e5 8. d5 Ne7 9. 0-0 Ne8 10. c5 f5 11. cxd6 cxd6 12. Bc4 Nf6 13. Qd3 h6 14. Rac1 g5 15. Kh1 g4 16. Ng1 Ng6 17. exf5 Nh4 18. Qd2 h5 19. Bh6 Bxf5 20. Bxg7 Be4 21. Nxe4 Nxe4 22. Qe3 Ng5 23. Bxf8 Qf6 24. Bxd6 Qxd6 25. Qxg5+ 1-0

[Event "GER-chT U10"]
[Site "Magdeburg"]
[Date "2014.12.28"]
[Round "3.4"]
[White "Phan, Trong Dai"]
[Black "Aga, Kenan"]
[Result "1-0"]
[WhiteElo "782"]
[BlackElo "600"]
[PlyCount "53"]
[EventDate "2014.12.27"]
[EventType "team-swiss"]
[EventRounds "7"]
[EventCountry "GER"]
[SourceTitle "EXT 2016"]
[Source "ChessBase"]
[SourceDate "2015.10.08"]
[SourceVersion "1"]
[SourceVersionDate "2015.10.08"]
[SourceQuality "1"]
[WhiteTeam "Dresden Leuben"]
[BlackTeam "Hohentuebingen"]
[WhiteTeamCountry "GER"]
[BlackTeamCountry "GER"]

1. e4 e5 2. Nf3 Nc6 3. Bc4 Bc5 4. d3 d6 5. Ng5 d5 6. Bxd5 Nh6 7. Nf3 0-0 8. Bxh6 gxh6 9. 0-0 Bg4 10. Nbd2 Bxf3 11. Qxf3 Qg5 12. Nc4 b5 13. Bxc6 Rae8 14. Bxe8 Rxe8 15. Na5 Bb6 16. b4 c5 17. c3 cxb4 18. cxb4 Qd8 19. Nb3 a5 20. bxa5 Bxa5 21. Nxa5 Qxa5 22. Rfd1 Rc8 23. Qg4+ Kf8 24. Qxc8+ Ke7 25. Rdc1 b4 26. Qc7+ Qxc7 27. Rxc7+ 1-0

[Event "GER-chT U10"]
[Site "Magdeburg"]
[Date "2014.12.28"]
[Round "4.4"]
[White "Phan, Trong Dai"]
[Black "Reuter, Elisa"]
[Result "0-1"]
[WhiteElo "782"]
[BlackElo "1085"]
[PlyCount "83"]
[EventDate "2014.12.27"]
[EventType "team-swiss"]
[EventRounds "7"]
[EventCountry "GER"]
[SourceTitle "EXT 2016"]
[Source "ChessBase"]
[SourceDate "2015.10.08"]
[SourceVersion "1"]
[SourceVersionDate "2015.10.08"]
[SourceQuality "1"]
[WhiteTeam "Dresden Leuben"]
[BlackTeam "Erfurt Empor"]
[WhiteTeamCountry "GER"]
[BlackTeamCountry "GER"]

1. e4 e5 2. Nf3 Nc6 3. Bc4 Bc5 4. d3 d6 5. h3 Be6 6. Bb3 Nf6 7. Bg5 h6 8. Bh4 Qe7 9. Nc3 Bb4 10. a3 Ba5 11. Ba2 Bxa2 12. Rxa2 Qe6 13. Ra1 Nd4 14. 0-0 g5 15. b4 gxh4 16. bxa5 Rg8 17. Nxh4 Qxh3 18. Nd5 Nxd5 19. exd5 Qxh4 20. g3 Qg4 21. Qb1 Qh3 22. Qd1 Qg4 23. Qb1 Qc8 24. c3 Nf3+ 25. Kg2 Nd2 26. Qd1 Nxf1 27. Qxf1 Qd7 28. Qh1 Rg6 29. Rb1 Rb8 30. a6 b6 31. Qe1 Qe7 32. a4 f5 33. Qe2 Kd7 34. a5 Rc8 35. axb6 cxb6 36. Re1 f4 37. Qe4 Qf6 38. Qa4+ Ke7 39. Qc6 Rb8 40. d4 Kf7 41. Qc7+ Qe7 42. Qc6 0-1